000 01898cam a22004934i 4500
003 PE-LiUPU
005 20250731172709.0
008 150617s1981 sp r 000 0 spa d
035 _a(Sirsi) a10432
040 _aPE-LiUPU
_bspa
_cPE-LiUPU
_erda
049 _aPRUA
082 0 4 _a236.2
_bG81
_221
100 1 _aGreshake, Gisbert,
_eautor.
245 1 0 _aMás fuertes que la muerte :
_bLectura esperanzada de los Novísimos /
_cGisbert Greshake.
264 1 _aSantander :
_bEditorial Sal Terrae,
_c1981.
300 _a140 páginas ;
_c18 centímetros.
336 _atext
_2rdacontent
337 _aunmediated
_2rdamedia
338 _avolume
_2rdacarrier
490 0 _aColección Alcance ;
_v21
505 0 _aFuturo y esperanza -- El problema de la muerte -- Las realidades últimas: paraíso, infierno, purgatorio.
526 _aSEG42
526 _aSEG41
526 _aSEG40
526 _aSEG39
526 _aP94
526 _aP87
526 _aP86
526 _aP85
526 _aP77
526 _aP76
526 _aP35
650 0 4 _aPURGATORIO.
_93826
650 0 4 _aVIDA FUTURA.
910 _ajck
_bjvq
_cjck
_d20150616
942 _2ddc
_cBOOK
949 _a236.2 G81
_wDEWEY
_c1
_i37638
_lCCODEBUL1
_mBUL
_p10.00
_r0
_sY
_tBOOK
_u19821020
_xTEOLOGIA
_PP35
_0COMPRA
_o.STAFF. Colección General
949 _a236.2 G81
_wDEWEY
_c2
_i21241
_lCCODEBUL1
_mBUL
_p10.00
_r0
_sY
_tBOOK
_u19821020
_xTEOLOGIA
_PP35
_0COMPRA
_o.STAFF. Colección General
994 _aC0
_bPEPRU
596 _a1
999 _a236.2 G81
_wDEWEY
_c479
_i37638
_f2021-11-11
_g6
_lCCODEBUL1
_mBUL
_r0
_sY
_tBOOK
_u2015-6-17
_xTEOLOGIA
_PP35
_0COMPRA
_o.STAFF. Colección General
_d479
999 _a236.2 G81
_wDEWEY
_c2
_i21241
_f2021-11-11
_g6
_lCCODEBUL1
_mBUL
_p10.00
_r0
_sY
_tBOOK
_u2015-6-17
_xTEOLOGIA
_PP35
_0COMPRA
_o.STAFF. Colección Teología
980 _81
_gALBERTO SANCHEZ Responsable de Automatización